00627 a2200181 450000100060000002000180000604000220002410000190004624000380006524500330010330000080013636200090014465000520015394200070020595201080021295201080032099900170042862801 a9788516071837 cAnchieta - Pituba aROITMAN, Isaac10aA urgência da educaçãolpor10aA urgência da educação a1500 a2011 4aEducação, pesquisa e tópicos relacionados cBK 00104070a91.1b91.1d2023-11-21l0o370.7 R741u URGp16014/PITr2023-11-21 18:31:24w2023-11-21yBK 00104070a91.1b91.1d2023-11-21l0o370.7 R741u URGp16015/PITr2023-11-21 18:31:24w2023-11-21yBK c62801d62801